| 000 | 00425nam a2200133Ia 4500 | ||
|---|---|---|---|
| 008 | 231129s1972||||xx |||||||||||||| ||spa|| | ||
| 040 | _beng | ||
| 082 | _aR 616 o68m | ||
| 100 | _aOrganizacion Mundial de la Salud. | ||
| 245 | 0 | _aManual de la clasificacion estadistica internacional deenfermedades traumatismos y causas de defuncion | |
| 260 | _c1972 | ||
| 264 | _aOrganizacion Panamericana de la Salud | ||
| 942 |
_2ddc _cBKS |
||
| 999 |
_c20379 _d20379 |
||